000 00653nam a22002297a 4500
003 UA-OsUOA
001 95240
007 ta
008 20130226b un ||||| |||| 00| 0 ukr d
100 _aЗгорж А.
090 _a821.162.3
_bЗ-45
942 _cBK
040 _aUA-OsUOA
_brus
_cUA-OsUOA
_dUA-OsUOA
245 _aОдин против судьбы
_bповесть о жизни Людвига ван Бетховена
300 _a496 с.
955 _a3
041 _arus
080 _a821.162.3
260 _aМ.
_bПравда
_c1987
650 7 _a82 Література. Літературознавство
_2UDC
999 _c381492
_d381492